"Tótágas" a parlamentben a kisgazdák és a kultuszminiszter összecsapása Mészöly Gedeon körül
Elmentve itt :
| Dokumentumtípus: | Cikk |
|---|---|
| Megjelent: |
1927-05-31
|
| Sorozat: | Délmagyarország
3 No. 124 |
| Kulcsszavak: | Klebelsberg Kunó, Berky Gyula, Fábián Béla, Szabó Sándor, Magyar irodalom, dráma |
| Online Access: | http://dmarchiv.bibl.u-szeged.hu/31363 |
| LEADER | 00548nab a2200145 i 4500 | ||
|---|---|---|---|
| 001 | delm31363 | ||
| 005 | 20180927103446.0 | ||
| 008 | 180927s1927 hu o 0|| hun d | ||
| 040 | |a SZTE Délmagyarország Archívum |b hun | ||
| 041 | |a hun | ||
| 245 | 0 | 0 | |a "Tótágas" a parlamentben |h [elektronikus dokumentum] : |b a kisgazdák és a kultuszminiszter összecsapása Mészöly Gedeon körül |
| 260 | |c 1927-05-31 | ||
| 300 | |a 1 | ||
| 490 | 0 | |a Délmagyarország |v 3 No. 124 | |
| 695 | |a Klebelsberg Kunó, Berky Gyula, Fábián Béla, Szabó Sándor, Magyar irodalom, dráma | ||